1361 1770 1458 1687 1347 1134 1537 1672 1801 1370 1695 1343 1913 1936 1716 1473 1636 1134 1863 1790 1710 1887 1096 1047 1176 1381 1242 1456 1420 1775 1792 1213 1491 1521 1168 1565 1235 1125 1009 1228 1591 1057 1333 1989 1906 1889 1011 1123 1450 1858 1955 1497 1875 1521 1796 1070 1358 1220 1641 1445 1973 1242 1436 1488 1010 1505 1768 1155 1625 1527 1426 1807 1726 1476 1236 1913 1254 1192 1522 1577 1025 1498 1084 1436 1330 1130 1561 1540 1965 1653 1937 1409 1722 1882 1282 1776 1541 1101 1928 BCNSPRNW ULIB Ver.6.0+V

เปลี่ยนเป็นภาษาไทย

Change to English
 แสดงรายละเอียดบรรณานุกรม
  กลับหน้าหลัก

Brief Record : Get Marc (ISO 2709) : E-mail record : QR code < ปิดหน้าต่าง
LEADER : 00000nam 2200000uu 4500
001    13399114357
003     ULIB
008    110627s||||||||th 000 0 tha d
020    9748327828
090    นว.^bค949ส ล.13
100 0  หวัง ซุก หยัง
245 00 สามก๊ก 13 ตอน อวสานราชวงศ์ฮั่น/^cหวัง ซุก หยัง
250    พิมพ์ครั้งที่ 1
260    กรุงเทพฯ :^bนานมีบุ๊คส์,^c2551
300    176 หน้า
710 1  นานมีบุ๊คส์
945    ^p158^l0^i024713
995    ทศพร
999 ^a ใช้งานได้ทุกระบบ
รายการนี้ยังไม่มีแท็ก
คุณยังไม่ได้ล็อกอิน คุณสามารถมีกิจกรรมร่วมกับเว็บไซต์ได้ แต่ต้องล็อกอินก่อน ::
  ล็อกอิน

รายการสื่อสารสนเทศ

ลำดับที่ ประเภท เลขเรียก/บาร์โค้ด สถานที่ สถานะ
1. นวนิยาย
นวนิยาย
นว. ค949ส ล.13 ฉ.1 
  Barcode: 024713
ห้องสมุดวิทยาเขตสวรรค์ประชารักษ์
►นวนิยาย
บนชั้น
  ขอยืม

รายการใกล้เคียง
    ผู้แต่ง [หวัง ซุก หยัง]

BibComment


ยังไม่เคยถูกคอมเมนท์

คอมเมนท์ทรัพยากรรายการนี้
  คอมเมนท์: สามก๊ก 13 ตอน อวส..


 Copyright 2026. Bcnsprnw @Library